[Event "Russian Championship (Rapid, Men)"]
[Site "Sochi"]
[Date "2018.10.05"]
[Round "5.28"]
[White "Sadovsky, Artem"]
[Black "Kobalia, Mikhail"]
[Result "0-1"]
[BlackElo "2617"]
[WhiteElo "2333"]
[LiveChessVersion "1.4.8"]

1. c4 {[%clk 0:15:16]} c6 {[%clk 0:15:05]} 2. Nf3 {[%clk 0:15:21]} d5
{[%clk 0:15:14]} 3. b3 {[%clk 0:15:24]} Bg4 {[%clk 0:15:05]} 4. Bb2
{[%clk 0:15:17]} Bxf3 {[%clk 0:14:50]} 5. gxf3 {[%clk 0:15:10]} Nf6
{[%clk 0:14:57]} 6. d4 {[%clk 0:13:48]} g6 7. Nd2 {[%clk 0:12:01]} Bg7
{[%clk 0:14:33]} 8. e3 {[%clk 0:11:33]} O-O {[%clk 0:14:29]} 9. f4
{[%clk 0:11:35]} Na6 {[%clk 0:10:12]} 10. h4 {[%clk 0:09:58]} c5 {[%clk 0:09:36]}
11. Nf3 {[%clk 0:08:21]} Qa5+ {[%clk 0:09:21]} 12. Ke2 {[%clk 0:06:13]} cxd4
{[%clk 0:09:19]} 13. Bxd4 {[%clk 0:05:57]} dxc4 {[%clk 0:09:11]} 14. bxc4
{[%clk 0:04:34]} Rfd8 {[%clk 0:08:03]} 15. Qb1 {[%clk 0:03:32]} Qc7
{[%clk 0:07:02]} 16. Ne5 {[%clk 0:02:50]} Nd7 {[%clk 0:06:52]} 17. Qb5
{[%clk 0:02:39]} Nac5 {[%clk 0:06:15]} 18. Rd1 {[%clk 0:01:34]} a6
{[%clk 0:06:03]} 19. Qb2 {[%clk 0:01:28]} Ne6 {[%clk 0:06:08]} 20. Ke1
{[%clk 0:00:25]} Nxe5 {[%clk 0:04:43]} 21. fxe5 {[%clk 0:00:22]} Rd7
{[%clk 0:04:00]} 22. Be2 {[%clk 0:00:17]} Rad8 {[%clk 0:04:07]} 23. Bb6
{[%clk 0:00:11]} Rxd1+ {[%clk 0:03:49]} 24. Bxd1 {[%clk 0:00:20]} Qc6
{[%clk 0:03:57]} 25. Rg1 {[%clk 0:00:17]} Bxe5 {[%clk 0:03:58]} 26. Qxe5
{[%clk 0:00:13]} Qxb6 {[%clk 0:04:08]} 27. Bb3 {[%clk 0:00:11]} Qb4+
{[%clk 0:04:08]} 28. Kf1 {[%clk 0:00:19]} Qc5 {[%clk 0:03:37]} 29. Rg5
{[%clk 0:00:27]} Qc6 {[%clk 0:03:27]} 30. Rg2 {[%clk 0:00:26]} Qd6
{[%clk 0:02:57]} 31. Qxd6 {[%clk 0:00:16]} Rxd6 {[%clk 0:03:07]} 32. h5
{[%clk 0:00:18]} Nc5 {[%clk 0:03:13]} 33. hxg6 {[%clk 0:00:24]} hxg6
{[%clk 0:03:22]} 34. Bc2 {[%clk 0:00:23]} Rd2 {[%clk 0:02:54]} 35. f4
{[%clk 0:00:31]} Rxg2 {[%clk 0:03:03]} 36. Kxg2 {[%clk 0:00:39]} Kg7
{[%clk 0:03:10]} 37. Kf3 {[%clk 0:00:31]} Kf6 {[%clk 0:03:17]} 38. Bd1
{[%clk 0:00:14]} e5 {[%clk 0:03:02]} 39. Bc2 {[%clk 0:00:23]} Ke6
{[%clk 0:03:04]} 40. Kg4 {[%clk 0:00:29]} exf4 {[%clk 0:02:45]} 41. exf4
{[%clk 0:00:28]} b6 {[%clk 0:02:15]} 42. Kg5 {[%clk 0:00:18]} a5 {[%clk 0:02:22]}
43. a3 {[%clk 0:00:16]} Kd6 {[%clk 0:02:14]} 44. f5 {[%clk 0:00:21]} gxf5
{[%clk 0:02:21]} 45. Kxf5 {[%clk 0:00:24]} Nd7 {[%clk 0:02:21]} 46. Ba4
{[%clk 0:00:27]} Ne5 {[%clk 0:02:21]} 47. Bb5 {[%clk 0:00:32]} Nd3
{[%clk 0:02:23]} 48. Be8 {[%clk 0:00:24]} Nb2 {[%clk 0:02:06]} 49. Bxf7
{[%clk 0:00:32]} Kc5 {[%clk 0:02:16]} 50. Kf4 {[%clk 0:00:11]} Nxc4
{[%clk 0:02:24]} 51. a4 {[%clk 0:00:18]} Nb2 {[%clk 0:02:28]} 52. Be8
{[%clk 0:00:24]} Kb4 {[%clk 0:02:38]} 53. Ke3 {[%clk 0:00:23]} Nxa4
{[%clk 0:02:46]} 54. Kd2 {[%clk 0:00:32]} Nc5 {[%clk 0:02:35]} 0-1

[Event "Russian Championship (Rapid, Men)"]
[Site "Sochi"]
[Date "2018.10.05"]
[Round "5.29"]
[White "Rozum, Ivan"]
[Black "Murzin, Volodar"]
[Result "1-0"]
[BlackElo "2319"]
[WhiteElo "2612"]
[LiveChessVersion "1.4.8"]

1. c4 {[%clk 0:15:17]} Nf6 {[%clk 0:15:19]} 2. Nc3 {[%clk 0:15:25]} g6
{[%clk 0:15:26]} 3. g3 {[%clk 0:15:31]} Bg7 {[%clk 0:15:32]} 4. Bg2
{[%clk 0:15:40]} O-O {[%clk 0:15:40]} 5. d4 {[%clk 0:15:49]} d6 {[%clk 0:15:47]}
6. Nf3 {[%clk 0:15:57]} Nbd7 {[%clk 0:15:56]} 7. O-O {[%clk 0:16:04]} e5
{[%clk 0:15:58]} 8. b3 {[%clk 0:16:13]} Re8 {[%clk 0:15:51]} 9. e4
{[%clk 0:16:21]} c6 {[%clk 0:15:35]} 10. Re1 {[%clk 0:16:15]} Qc7
{[%clk 0:15:18]} 11. h3 {[%clk 0:15:51]} exd4 {[%clk 0:15:03]} 12. Nxd4
{[%clk 0:16:00]} Nc5 {[%clk 0:15:11]} 13. Bf4 {[%clk 0:15:45]} Nh5
{[%clk 0:14:57]} 14. Be3 {[%clk 0:15:40]} Nf6 {[%clk 0:14:37]} 15. f3
{[%clk 0:15:32]} Ne6 {[%clk 0:14:33]} 16. Qd2 {[%clk 0:15:13]} Nxd4
{[%clk 0:14:14]} 17. Bxd4 {[%clk 0:15:21]} Be6 {[%clk 0:14:22]} 18. Rad1
{[%clk 0:15:19]} Rad8 {[%clk 0:14:24]} 19. f4 {[%clk 0:14:53]} Bc8
{[%clk 0:13:45]} 20. Qf2 {[%clk 0:14:04]} b6 {[%clk 0:13:34]} 21. g4
{[%clk 0:13:45]} Bb7 {[%clk 0:12:08]} 22. Qh4 {[%clk 0:12:34]} Nd7
{[%clk 0:11:27]} 23. Bxg7 {[%clk 0:12:40]} Kxg7 {[%clk 0:11:36]} 24. g5
{[%clk 0:12:33]} a6 {[%clk 0:06:02]} 25. Rf1 {[%clk 0:10:00]} h5 {[%clk 0:04:31]}
26. gxh6+ {[%clk 0:09:46]} Kh7 {[%clk 0:04:38]} 27. e5 {[%clk 0:09:35]} d5
{[%clk 0:03:46]} 28. cxd5 {[%clk 0:08:58]} cxd5 {[%clk 0:03:50]} 29. Nxd5
{[%clk 0:08:47]} Bxd5 {[%clk 0:03:55]} 30. Rxd5 {[%clk 0:08:09]} Nc5
{[%clk 0:03:51]} 31. Qf6 {[%clk 0:05:20]} Ne6 {[%clk 0:03:59]} 32. Rxd8
{[%clk 0:05:09]} Rxd8 {[%clk 0:03:45]} 33. f5 {[%clk 0:05:14]} gxf5
{[%clk 0:03:29]} 34. Rxf5 {[%clk 0:04:04]} Rg8 {[%clk 0:02:31]} 35. Qxf7+
{[%clk 0:03:37]} Qxf7 {[%clk 0:02:39]} 36. Rxf7+ {[%clk 0:03:46]} Kxh6
{[%clk 0:02:48]} 37. Kf2 {[%clk 0:03:26]} Nc5 {[%clk 0:02:51]} 38. Rf6+
{[%clk 0:01:57]} Rg6 {[%clk 0:02:51]} 39. Rxg6+ {[%clk 0:02:00]} Kxg6
{[%clk 0:03:00]} 40. Ke3 {[%clk 0:02:08]} Kf5 {[%clk 0:03:08]} 41. Kd4
{[%clk 0:02:11]} Ne6+ {[%clk 0:03:17]} 42. Kd5 {[%clk 0:02:15]} Nf4+
{[%clk 0:03:09]} 43. Ke4+ 1-0

[Event "Russian Championship (Rapid, Men)"]
[Site "Sochi"]
[Date "2018.10.05"]
[Round "5.31"]
[White "Shcherbakov, Ruslan"]
[Black "Miroshnichenko, Pavel"]
[Result "1/2-1/2"]
[BlackElo "2303"]
[WhiteElo "2555"]
[LiveChessVersion "1.4.8"]

1. e4 {[%clk 0:14:53]} e5 {[%clk 0:15:18]} 2. Nf3 {[%clk 0:14:58]} Nc6
{[%clk 0:15:25]} 3. Bc4 {[%clk 0:15:03]} Bc5 {[%clk 0:15:27]} 4. d3
{[%clk 0:14:49]} Nf6 {[%clk 0:15:34]} 5. c3 {[%clk 0:14:40]} O-O {[%clk 0:15:31]}
6. Nbd2 {[%clk 0:14:47]} a6 {[%clk 0:15:21]} 7. O-O {[%clk 0:14:37]} d6
{[%clk 0:15:22]} 8. Bb3 {[%clk 0:14:37]} Ba7 {[%clk 0:15:20]} 9. h3
{[%clk 0:14:37]} Ne7 {[%clk 0:15:23]} 10. d4 {[%clk 0:14:37]} Ng6
{[%clk 0:15:31]} 11. Re1 {[%clk 0:14:41]} h6 {[%clk 0:14:02]} 12. Nf1
{[%clk 0:14:26]} exd4 {[%clk 0:12:00]} 13. cxd4 {[%clk 0:14:33]} d5
{[%clk 0:12:07]} 14. e5 {[%clk 0:13:10]} Ne4 {[%clk 0:12:16]} 15. Ng3
{[%clk 0:11:13]} Nxg3 {[%clk 0:11:15]} 16. fxg3 {[%clk 0:11:21]} Bf5
{[%clk 0:10:17]} 17. Bc2 {[%clk 0:10:44]} Qd7 {[%clk 0:08:46]} 18. g4
{[%clk 0:10:44]} Bxc2 {[%clk 0:08:17]} 19. Qxc2 {[%clk 0:10:53]} Rfe8
{[%clk 0:08:25]} 20. Be3 {[%clk 0:10:39]} c5 {[%clk 0:07:41]} 21. Rad1
{[%clk 0:10:21]} cxd4 {[%clk 0:07:42]} 22. Bxd4 {[%clk 0:10:25]} Rac8
{[%clk 0:07:22]} 23. Qf5 {[%clk 0:10:22]} Bxd4+ {[%clk 0:07:19]} 24. Rxd4
{[%clk 0:10:20]} Qe6 {[%clk 0:06:50]} 25. Rd2 {[%clk 0:08:39]} Rc4
{[%clk 0:06:26]} 26. Kh1 {[%clk 0:07:58]} Re4 {[%clk 0:03:49]} 27. Rxe4
{[%clk 0:05:40]} dxe4 {[%clk 0:03:57]} 28. Qxe4 {[%clk 0:05:46]} Nxe5
{[%clk 0:03:56]} 29. Nxe5 {[%clk 0:03:41]} Qxe5 {[%clk 0:04:04]} 30. Qxe5
{[%clk 0:03:16]} Rxe5 {[%clk 0:04:12]} 31. Rd7 {[%clk 0:03:00]} b5
{[%clk 0:03:41]} 1/2-1/2

[Event "Russian Championship (Rapid, Men)"]
[Site "Sochi"]
[Date "2018.10.05"]
[Round "5.32"]
[White "Panarin, Mikhail"]
[Black "Orlinkov, Maxim L."]
[Result "1-0"]
[BlackElo "2279"]
[WhiteElo "2541"]
[LiveChessVersion "1.4.8"]

1. e4 {[%clk 0:15:17]} g6 {[%clk 0:15:08]} 2. d4 {[%clk 0:15:25]} Bg7
{[%clk 0:15:17]} 3. Nc3 {[%clk 0:15:32]} a6 {[%clk 0:15:25]} 4. a4
{[%clk 0:15:07]} b6 {[%clk 0:15:26]} 5. g3 {[%clk 0:15:14]} Bb7 {[%clk 0:14:45]}
6. Bg2 {[%clk 0:15:22]} f5 {[%clk 0:13:10]} 7. Nf3 {[%clk 0:14:08]} fxe4
{[%clk 0:12:38]} 8. Ng5 {[%clk 0:14:17]} Nc6 {[%clk 0:10:31]} 9. d5
{[%clk 0:12:46]} Nb4 {[%clk 0:09:29]} 10. Ngxe4 {[%clk 0:12:36]} Nh6
{[%clk 0:05:25]} 11. O-O {[%clk 0:09:24]} O-O {[%clk 0:04:58]} 12. a5
{[%clk 0:09:01]} Rb8 {[%clk 0:02:34]} 13. Ra4 {[%clk 0:06:34]} bxa5
{[%clk 0:01:41]} 14. Nc5 {[%clk 0:06:43]} Ba8 {[%clk 0:00:54]} 15. Rxa5
{[%clk 0:05:05]} Nf5 {[%clk 0:00:26]} 16. Nxa6 {[%clk 0:04:10]} Nxa6
{[%clk 0:00:34]} 17. Rxa6 {[%clk 0:04:19]} Nd6 {[%clk 0:00:25]} 18. Re1
{[%clk 0:03:54]} Bb7 {[%clk 0:00:28]} 19. Ra7 {[%clk 0:04:00]} Ra8
{[%clk 0:00:26]} 20. Rxa8 {[%clk 0:03:59]} Bxa8 {[%clk 0:00:34]} 21. Ne4
{[%clk 0:03:48]} Nf5 {[%clk 0:00:25]} 22. c3 {[%clk 0:03:49]} Qb8
{[%clk 0:00:29]} 23. Nc5 {[%clk 0:03:36]} Qb5 {[%clk 0:00:37]} 24. Ne4
{[%clk 0:02:52]} Bxd5 {[%clk 0:00:22]} 25. Nf6+ {[%clk 0:02:04]} Bxf6
{[%clk 0:00:26]} 26. Bxd5+ {[%clk 0:02:10]} e6 {[%clk 0:00:33]} 27. Bg2
{[%clk 0:02:10]} Rf7 {[%clk 0:00:27]} 28. Re4 {[%clk 0:02:12]} c5
{[%clk 0:00:29]} 29. Ra4 {[%clk 0:02:13]} d5 {[%clk 0:00:34]} 30. Bf1
{[%clk 0:01:53]} c4 {[%clk 0:00:42]} 31. Bh3 {[%clk 0:01:42]} Be7
{[%clk 0:00:23]} 32. Ra8+ {[%clk 0:01:30]} Kg7 {[%clk 0:00:28]} 33. Qe2
{[%clk 0:01:31]} Qc6 {[%clk 0:00:30]} 34. Qe5+ {[%clk 0:01:15]} Rf6
{[%clk 0:00:13]} 35. Ra7 {[%clk 0:01:19]} Qb6 {[%clk 0:00:19]} 36. Be3
{[%clk 0:00:42]} Nxe3 {[%clk 0:00:24]} 37. Rxe7+ {[%clk 0:00:50]} 1-0

[Event "Russian Championship (Rapid, Men)"]
[Site "Sochi"]
[Date "2018.10.05"]
[Round "5.34"]
[White "Lugovskoy, Maxim"]
[Black "Gorbatov, Alexej"]
[Result "1-0"]
[BlackElo "2249"]
[WhiteElo "2476"]
[LiveChessVersion "1.4.8"]

1. e4 {[%clk 0:15:19]} e5 {[%clk 0:15:18]} 2. Nf3 {[%clk 0:15:27]} Nf6
{[%clk 0:15:26]} 3. Nc3 {[%clk 0:15:36]} Bb4 {[%clk 0:15:34]} 4. Bc4
{[%clk 0:15:26]} d6 {[%clk 0:14:34]} 5. d3 {[%clk 0:15:31]} Be6 {[%clk 0:12:50]}
6. Bb3 {[%clk 0:15:31]} Nbd7 {[%clk 0:12:32]} 7. O-O {[%clk 0:15:39]} c6
{[%clk 0:11:37]} 8. Ne2 {[%clk 0:15:43]} Bxb3 {[%clk 0:10:57]} 9. axb3
{[%clk 0:15:50]} d5 {[%clk 0:10:55]} 10. Ng3 {[%clk 0:15:59]} O-O
{[%clk 0:10:48]} 11. c3 {[%clk 0:15:49]} Bd6 {[%clk 0:09:44]} 12. Re1
{[%clk 0:15:58]} Re8 {[%clk 0:09:29]} 13. b4 {[%clk 0:16:02]} a6 {[%clk 0:09:31]}
14. Bg5 {[%clk 0:16:08]} Qc7 {[%clk 0:09:23]} 15. Qb3 {[%clk 0:16:16]} h6
{[%clk 0:08:44]} 16. Bd2 {[%clk 0:16:12]} Bf8 {[%clk 0:08:37]} 17. Rad1
{[%clk 0:16:21]} Rad8 {[%clk 0:08:14]} 18. Bc1 {[%clk 0:16:15]} g6
{[%clk 0:07:54]} 19. h4 {[%clk 0:16:17]} h5 {[%clk 0:07:46]} 20. Bg5
{[%clk 0:15:21]} Bg7 {[%clk 0:07:49]} 21. c4 {[%clk 0:14:56]} d4 {[%clk 0:07:36]}
22. Nh2 {[%clk 0:14:13]} Nf8 {[%clk 0:07:22]} 23. Ne2 {[%clk 0:14:10]} Ne6
{[%clk 0:07:30]} 24. Bc1 {[%clk 0:14:15]} Kh7 {[%clk 0:07:25]} 25. Rf1
{[%clk 0:14:24]} Bh6 {[%clk 0:07:30]} 26. Bxh6 {[%clk 0:14:31]} Kxh6
{[%clk 0:07:38]} 27. Qc2 {[%clk 0:14:37]} Kg7 {[%clk 0:05:44]} 28. Qc1
{[%clk 0:14:45]} Nf4 {[%clk 0:05:46]} 29. Qd2 {[%clk 0:14:36]} Nxe2+
{[%clk 0:05:30]} 30. Qxe2 {[%clk 0:14:45]} Qe7 {[%clk 0:05:39]} 31. f4
{[%clk 0:14:40]} exf4 {[%clk 0:05:34]} 32. Rxf4 {[%clk 0:14:48]} Nd7
{[%clk 0:05:31]} 33. Rdf1 {[%clk 0:14:41]} Ne5 {[%clk 0:04:59]} 34. Nf3
{[%clk 0:14:49]} Ng4 {[%clk 0:05:08]} 35. Nh2 {[%clk 0:14:29]} Ne5
{[%clk 0:05:11]} 36. Qf2 {[%clk 0:14:18]} Rd7 {[%clk 0:05:05]} 37. Qg3
{[%clk 0:14:26]} Qxb4 {[%clk 0:04:47]} 38. Rf5 {[%clk 0:14:01]} Qd6
{[%clk 0:04:11]} 39. Rxh5 {[%clk 0:13:45]} f6 {[%clk 0:01:17]} 40. c5
{[%clk 0:13:07]} Qe6 {[%clk 0:00:43]} 41. Rhf5 {[%clk 0:13:16]} Kf7
{[%clk 0:00:19]} 42. Rxf6+ {[%clk 0:13:10]} Qxf6 {[%clk 0:00:28]} 43. Rxf6+
{[%clk 0:13:18]} Kxf6 {[%clk 0:00:37]} 44. Ng4+ {[%clk 0:12:41]} Nxg4
{[%clk 0:00:45]} 45. Qxg4 {[%clk 0:12:50]} Re6 {[%clk 0:00:32]} 46. b4
{[%clk 0:12:11]} Kf7 {[%clk 0:00:38]} 47. Kh2 {[%clk 0:12:11]} Ke7
{[%clk 0:00:42]} 48. Qf4 {[%clk 0:12:16]} Rf6 {[%clk 0:00:31]} 49. Qh6
{[%clk 0:12:21]} Ke6 {[%clk 0:00:14]} 50. Qh8 {[%clk 0:12:30]} Rdf7
{[%clk 0:00:22]} 51. Qc8+ {[%clk 0:12:20]} Rd7 {[%clk 0:00:30]} 52. Qg8+
{[%clk 0:12:11]} Rdf7 {[%clk 0:00:29]} 53. Kg3 {[%clk 0:11:52]} Kd7
{[%clk 0:00:23]} 54. Qb8 {[%clk 0:12:01]} Re7 {[%clk 0:00:12]} 55. Qxb7+
{[%clk 0:12:04]} Ke8 {[%clk 0:00:20]} 56. Qxa6 {[%clk 0:12:12]} Kf7
{[%clk 0:00:26]} 57. Qc4+ {[%clk 0:12:19]} Kg7 {[%clk 0:00:33]} 58. Qxd4
{[%clk 0:12:27]} Kf7 {[%clk 0:00:41]} 59. Qc4+ {[%clk 0:12:36]} Kg7
{[%clk 0:00:50]} 60. Qc3 {[%clk 0:12:45]} Kf7 {[%clk 0:00:59]} 61. b5
{[%clk 0:12:41]} cxb5 {[%clk 0:01:08]} 62. Qb3+ {[%clk 0:12:50]} Kg7
{[%clk 0:01:16]} 63. Qxb5 {[%clk 0:12:59]} g5 {[%clk 0:01:08]} 64. hxg5
{[%clk 0:12:50]} Rg6 {[%clk 0:01:17]} 65. Qb2+ {[%clk 0:12:53]} Kf7
{[%clk 0:01:24]} 66. Kg4 {[%clk 0:13:00]} Rc6 {[%clk 0:01:23]} 67. Qc3
{[%clk 0:12:50]} Ree6 {[%clk 0:01:22]} 68. Kh4 {[%clk 0:12:48]} Kg6
{[%clk 0:01:27]} 69. g4 {[%clk 0:12:43]} Re7 {[%clk 0:01:37]} 70. d4
{[%clk 0:12:44]} Rh7+ {[%clk 0:01:33]} 71. Kg3 {[%clk 0:12:53]} Kxg5
{[%clk 0:01:42]} 72. Qe3+ {[%clk 0:12:48]} Kg6 {[%clk 0:01:51]} 73. e5
{[%clk 0:12:55]} Rhc7 {[%clk 0:01:51]} 74. e6 {[%clk 0:12:59]} Kf6
{[%clk 0:01:57]} 75. Qe5+ {[%clk 0:13:06]} Ke7 {[%clk 0:02:05]} 76. d5
{[%clk 0:13:15]} 1-0

[Event "Russian Championship (Rapid, Men)"]
[Site "Sochi"]
[Date "2018.10.05"]
[Round "5.35"]
[White "Pogromsky, Mikhail"]
[Black "Temirkanov, David"]
[Result "1-0"]
[BlackElo "2236"]
[WhiteElo "2462"]
[LiveChessVersion "1.4.8"]

1. Nf3 {[%clk 0:15:04]} Nf6 {[%clk 0:14:59]} 2. c4 {[%clk 0:15:12]} c5
{[%clk 0:14:41]} 3. Nc3 {[%clk 0:14:40]} Nc6 {[%clk 0:14:35]} 4. g3
{[%clk 0:13:55]} g6 {[%clk 0:14:26]} 5. Bg2 {[%clk 0:14:03]} Bg7 {[%clk 0:14:35]}
6. O-O {[%clk 0:14:11]} O-O {[%clk 0:14:44]} 7. d4 {[%clk 0:14:11]} cxd4
{[%clk 0:13:38]} 8. Nxd4 {[%clk 0:14:20]} d6 {[%clk 0:10:03]} 9. Nxc6
{[%clk 0:14:24]} bxc6 {[%clk 0:10:12]} 10. Bxc6 {[%clk 0:14:33]} Bh3
{[%clk 0:10:00]} 11. Bxa8 {[%clk 0:11:31]} Qxa8 {[%clk 0:08:22]} 12. f3
{[%clk 0:11:39]} Bxf1 {[%clk 0:08:04]} 13. Kxf1 {[%clk 0:11:46]} Rc8
{[%clk 0:07:17]} 14. Qd3 {[%clk 0:11:37]} Nd7 {[%clk 0:04:51]} 15. b3
{[%clk 0:09:11]} Nc5 {[%clk 0:01:49]} 16. Qd2 {[%clk 0:05:44]} d5
{[%clk 0:01:32]} 17. Bb2 {[%clk 0:05:41]} dxc4 {[%clk 0:00:59]} 18. bxc4
{[%clk 0:05:40]} Rd8 {[%clk 0:00:14]} 19. Qc2 {[%clk 0:05:40]} e6
{[%clk 0:00:14]} 20. Rd1 {[%clk 0:05:21]} Rb8 {[%clk 0:00:15]} 21. Ba1
{[%clk 0:05:15]} Qc6 {[%clk 0:00:22]} 22. Nb5 {[%clk 0:04:59]} Bxa1
{[%clk 0:00:15]} 23. Rxa1 {[%clk 0:05:08]} a6 {[%clk 0:00:21]} 24. Nd4
{[%clk 0:05:14]} Qb6 {[%clk 0:00:24]} 25. Nb3 {[%clk 0:04:24]} Rc8
{[%clk 0:00:21]} 26. Rc1 {[%clk 0:04:11]} Qc7 {[%clk 0:00:20]} 27. Qc3
{[%clk 0:03:55]} h5 {[%clk 0:00:17]} 28. Qd4 {[%clk 0:03:06]} Nd7
{[%clk 0:00:14]} 29. c5 {[%clk 0:03:10]} Ne5 {[%clk 0:00:14]} 30. Qf4
{[%clk 0:03:04]} Nc6 {[%clk 0:00:13]} 31. Qxc7 Rxc7 {[%clk 0:00:22]} 32. Kf2
{[%clk 0:01:59]} Kf8 {[%clk 0:00:29]} 33. Ke3 {[%clk 0:02:05]} Ke7
{[%clk 0:00:37]} 34. Rc4 {[%clk 0:02:03]} e5 {[%clk 0:00:19]} 35. Ra4
{[%clk 0:01:56]} Ra7 {[%clk 0:00:23]} 36. Kd3 {[%clk 0:01:59]} Ke6
{[%clk 0:00:14]} 37. Kc4 {[%clk 0:02:04]} f5 {[%clk 0:00:19]} 38. e3
{[%clk 0:01:52]} Ra8 {[%clk 0:00:27]} 39. Na5 {[%clk 0:01:52]} Ne7
{[%clk 0:00:16]} 40. Ra3 {[%clk 0:01:54]} Rb8 {[%clk 0:00:22]} 41. Nb3
{[%clk 0:01:32]} Ra8 {[%clk 0:00:28]} 42. f4 {[%clk 0:01:32]} Nd5
{[%clk 0:00:32]} 43. Na5 {[%clk 0:01:24]} h4 {[%clk 0:00:33]} 44. fxe5
{[%clk 0:01:19]} Kxe5 {[%clk 0:00:30]} 45. c6 {[%clk 0:01:13]} Ke4
{[%clk 0:00:14]} 46. Kc5 {[%clk 0:01:13]} hxg3 {[%clk 0:00:16]} 47. hxg3
{[%clk 0:01:21]} Ke5 {[%clk 0:00:20]} 48. Nc4+ {[%clk 0:01:20]} Ke6
{[%clk 0:00:21]} 49. Nb6 {[%clk 0:01:24]} Nxb6 {[%clk 0:00:13]} 50. Kxb6
{[%clk 0:01:32]} Rb8+ {[%clk 0:00:13]} 51. Kc7 {[%clk 0:01:32]} Rb4
{[%clk 0:00:12]} 52. Rd3 {[%clk 0:01:20]} a5 {[%clk 0:00:16]} 53. Kc8
{[%clk 0:01:27]} a4 {[%clk 0:00:13]} 54. c7 {[%clk 0:01:34]} Ke7 {[%clk 0:00:21]}
55. Rd7+ {[%clk 0:01:22]} Ke8 {[%clk 0:00:28]} 56. Rd4 {[%clk 0:01:15]} Rb6
{[%clk 0:00:12]} 57. Rxa4 {[%clk 0:01:19]} 1-0